GETS Theological Seminary Library

兩條門路 (Record no. 13912)

MARC details
000 -LEADER
fixed length control field 00547nam a2200205Ia 4500
008 - FIXED-LENGTH DATA ELEMENTS--GENERAL INFORMATION
fixed length control field 200819s9999||||xx |||||||||||||| ||und||
020 ## - INTERNATIONAL STANDARD BOOK NUMBER
International Standard Book Number 9579466904
020 ## - INTERNATIONAL STANDARD BOOK NUMBER
International Standard Book Number 9789579466905
041 ## - LANGUAGE CODE
Language code of text/sound track or separate title chi
050 ## - LIBRARY OF CONGRESS CALL NUMBER
Classification number BV4249.C5
Item number .Z43 1996
100 ## - MAIN ENTRY--PERSONAL NAME
Personal name 張路得
245 #0 - TITLE STATEMENT
Title 兩條門路
Remainder of title /
Statement of responsibility, etc. 張路得
246 ## - VARYING FORM OF TITLE
Title proper/short title 两条门路
260 ## - PUBLICATION, DISTRIBUTION, ETC.
Place of publication, distribution, etc. 台北:
Name of publisher, distributor, etc. 天恩,
Date of publication, distribution, etc. 1996
300 ## - PHYSICAL DESCRIPTION
Extent 7, 270 p. :
Other physical details ill. ;
Dimensions 21 cm.
650 ## - SUBJECT ADDED ENTRY--TOPICAL TERM
Topical term or geographic name entry element Bible. O. T.-- Biography.
650 ## - SUBJECT ADDED ENTRY--TOPICAL TERM
Topical term or geographic name entry element Christian life -- Sermons.
650 ## - SUBJECT ADDED ENTRY--TOPICAL TERM
Topical term or geographic name entry element Saul, King of Israel.
Holdings
Withdrawn status Lost status Damaged status Not for loan Home library Current library Shelving location Date acquired Total Checkouts Full call number Barcode Date last seen Copy number Price effective from Koha item type
        GETS Theological Seminary Library GETS Theological Seminary Library General Stacks 08/19/2020   BV4249.C5 .Z43 1996 00003851 08/19/2020 c. 2 08/19/2020 Chinese Book
OpacCredits

Contact the Librarian, GETS Library
Email: library@mygets.org









Implemented by GETS Library
(Powered by ETCA Professional Group)
GETS Theological Seminary
412 E. Rowland Street, CA 91723